Tsietsi e latella tshotleho (Record no. 123958)
[ view plain ]
| 000 -LEADER | |
|---|---|
| fixed length control field | 00279nam a2200097Ia 4500 |
| 082 ## - DEWEY DECIMAL CLASSIFICATION NUMBER | |
| Classification number | SOT F MOIL |
| 008 - FIXED-LENGTH DATA ELEMENTS--GENERAL INFORMATION | |
| fixed length control field | 210816s9999 xx 000 0 und d |
| 100 ## - MAIN ENTRY--PERSONAL NAME | |
| Personal name | MOILOA, J J. Goodwood [South Africa], [2007] 1st ed |
| 9 (RLIN) | 34135 |
| 245 #0 - TITLE STATEMENT | |
| Title | Tsietsi e latella tshotleho |
| 942 ## - ADDED ENTRY ELEMENTS | |
| item type | Books |
| Withdrawn status | Lost status | Damaged status | Not for loan | Home library | Current library | Date acquired | Cost, normal purchase price | Total Checkouts | Barcode | Date last seen | Price effective from | item type |
|---|---|---|---|---|---|---|---|---|---|---|---|---|
| Shatale | Shatale | 17.08.2021 | 100.00 | 33228009335686 | 17.08.2021 | 17.08.2021 | Books |